| 000 | 00382pam a2200157a 44500 | ||
|---|---|---|---|
| 008 | 230405s1990 xxu||||| |||| 00| 0 eng d | ||
| 041 | _aENG | ||
| 100 | _aMathur, B.S. | ||
| 245 | _aCo- Operation In India | ||
| 260 |
_aAGRA _bSAHITYA BHAVAN _c1990 |
||
| 300 | _a545p. | ||
| 440 | _aSource =RATANAKAR MIRAJ | ||
| 650 | _aCO-OPERATION | ||
| 690 | _aCO-OPERATION | ||
| 906 | _a1430 | ||
| 999 |
_c781654 _d781654 |
||